E- learning in tertiary educarion: Where do we stand? (Record no. 1388131)
[ view plain ]
| 000 -LEADER | |
|---|---|
| fixed length control field | 00703nam a2200217Ia 4500 |
| 005 - DATE AND TIME OF LATEST TRANSACTION | |
| control field | 20250508164300.0 |
| 008 - FIXED-LENGTH DATA ELEMENTS--GENERAL INFORMATION | |
| fixed length control field | 008 250505s9999 xx 000 0 eng d |
| 020 ## - INTERNATIONAL STANDARD BOOK NUMBER | |
| International Standard Book Number | 92-64-00920-5 |
| 037 ## - SOURCE OF ACQUISITION | |
| Stock number | Reference |
| 040 ## - CATALOGING SOURCE | |
| Original cataloging agency | FEDL |
| Language of cataloging | eng |
| Transcribing agency | FEDL |
| 041 ## - LANGUAGE CODE | |
| Language code of text/sound track or separate title | eng |
| Source of code | eng |
| 084 ## - COLON CLASSIFICATION NUMBER | |
| Classification number | 370.152 3, OEC |
| Assigning agency | FEDL |
| 100 ## - MAIN ENTRY--PERSONAL NAME | |
| Personal name | Organisation for Economic Co-operation and Development Co. |
| 245 #0 - TITLE STATEMENT | |
| Title | E- learning in tertiary educarion: Where do we stand? |
| 260 ## - PUBLICATION, DISTRIBUTION, ETC. | |
| Place of publication, distribution, etc. | Paris, France |
| Name of publisher, distributor, etc. | Organisation for Economic Co-operation and Development |
| Date of publication, distribution, etc. | 2005 |
| 300 ## - PHYSICAL DESCRIPTION | |
| Extent | 289p |
| 365 ## - TRADE PRICE | |
| Price type code | GBP |
| Price amount | 24 |
| 650 ## - SUBJECT ADDED ENTRY--TOPICAL TERM | |
| Topical term or geographic name entry element | Learning; Education |
| 9 (RLIN) | 776048 |
| 942 ## - ADDED ENTRY ELEMENTS (KOHA) | |
| Koha item type | Reference |
| Classification part | 370.152 3, OEC |
| Withdrawn status | Lost status | Damaged status | Not for loan | Home library | Current library | Date acquired | Cost, normal purchase price | Total Checkouts | Full call number | Barcode | Date last seen | Price effective from | Koha item type |
|---|---|---|---|---|---|---|---|---|---|---|---|---|---|
| Department of Education Library | Department of Education Library | 2025-05-08 | 24.00 | 370.152 3, OEC | EL0081756 | 2025-05-08 | 2025-05-08 | Reference |
